000 00670nam a2200253Ia 4500
003 OSt
005 20221006160822.0
006 a|||||r|||| 00| 0
007 ta
008 221006b |||||||| |||| 00| 0 eng d
020 _a9791156620440
_cW 7,500
024 _a46,476
037 _cTextual
040 _aEASL
_cEASL
_beng
041 _2eng
_aeng
082 _aO495,3N68,1, Q4
100 _aMIN-GYU Park
_9675157
245 0 _aDinner with Buffett.
260 _aSeoul
_bAsia Publishers Korea
_c2014
300 _a95p.
_ccm.
490 _v KEL
_aK-Fiction
942 _hO495,3N68,1, Q4
_cTEXL
_2CC
999 _c1114566
_d1114566